[Event "March Lviv Tradition (IM-group)"]
[Site "Lviv"]
[Date "2015.03.27"]
[Round "6.1"]
[White "Doluhanova, Evgeniya"]
[Black "Buksa, Nataliya"]
[Result "1-0"]
[WhiteElo "2292"]
[BlackElo "2160"]
[PlyCount "81"]
[EventDate "2015.03.24"]

1. e4 c5 2. Nf3 d6 3. d4 cxd4 4. Nxd4 Nf6 5. Nc3 a6 6. Be3 e6 7. f3 b5 8. Qd2
Nbd7 9. g4 h6 10. O-O-O Bb7 11. Kb1 b4 12. Nce2 d5 13. exd5 Nxd5 14. Nf4 Bc5
15. Bc4 Nxe3 16. Qxe3 Qb6 17. Bxe6 fxe6 18. Nfxe6 Kf7 19. Nxc5 Nxc5 20. Nb3
Rhe8 21. Qxc5 Qxc5 22. Nxc5 Bc6 23. Rhe1 a5 24. Ne4 Kg8 25. Rd6 Rac8 26. Rxc6
Rxc6 27. Nf6+ Rxf6 28. Rxe8+ Kf7 29. Re3 Kg6 30. a3 Kg5 31. axb4 axb4 32. Ka2
Kf4 33. Re4+ Kxf3 34. Rxb4 g5 35. h3 Ke2 36. Rd4 Rc6 37. Kb1 Rb6 38. b4 Ke3 39.
Rd3+ Ke2 40. Rb3 Kd2 41. b5 1-0

[Event "March Lviv Tradition (IM-group)"]
[Site "Lviv"]
[Date "2015.03.27"]
[Round "6.2"]
[White "Terletsky, Oleg"]
[Black "Sevostianov, Pavel"]
[Result "1-0"]
[WhiteElo "2257"]
[BlackElo "2268"]
[PlyCount "137"]
[EventDate "2015.03.24"]

1. e4 g6 2. d4 Bg7 3. c4 d6 4. Nc3 Nf6 5. Be2 O-O 6. Bg5 Nc6 7. d5 Ne5 8. f4
Ned7 9. Nh3 c6 10. Nf2 Qb6 11. Qd2 Nc5 12. e5 dxe5 13. fxe5 Nfd7 14. Bxe7 Re8
15. d6 Nxe5 16. O-O a5 17. Kh1 f5 18. b3 a4 19. Rab1 axb3 20. axb3 Ne6 21. Na4
Qa7 22. c5 Nxc5 23. Nxc5 Qxc5 24. Nd3 Qd4 25. Rbd1 Nf7 26. Nf4 Qxd2 27. Rxd2
Ne5 28. Nd3 Nd7 29. Nb2 b5 30. Nd3 Bf6 31. Bf3 Bxe7 32. Re2 Bb7 33. dxe7 Ra3
34. Nb4 Rxb3 35. Bxc6 Bxc6 36. Nxc6 Nf6 37. Re6 Kg7 38. h3 Rd3 39. g4 Ne4 40.
Kg2 Rd2+ 41. Kg1 Nc3 42. Rf3 Ne2+ 43. Kf1 Rc2 44. gxf5 gxf5 45. Nd8 Rc7 46.
Kxe2 Rcxe7 47. Rg3+ Kf8 48. Rge3 Rxe6 49. Nxe6+ Kg8 50. Nd4 Rxe3+ 51. Kxe3 b4
52. Kf4 Kg7 53. Kxf5 Kh6 54. Kg4 Kg6 55. h4 h6 56. h5+ Kg7 57. Kf5 Kf7 58. Nb3
Kg7 59. Ke6 Kg8 60. Kf6 Kh7 61. Kf7 Kh8 62. Kg6 Kg8 63. Kxh6 Kh8 64. Kg6 Kg8
65. Nd4 Kh8 66. h6 Kg8 67. Ne6 b3 68. h7+ Kh8 69. Ng5 1-0

[Event "March Lviv Tradition (IM-group)"]
[Site "Lviv"]
[Date "2015.03.27"]
[Round "6.3"]
[White "Bunyatov, Rustam"]
[Black "Sabuk, Piotr"]
[Result "0-1"]
[WhiteElo "2078"]
[BlackElo "2312"]
[PlyCount "64"]
[EventDate "2015.03.24"]

1. e4 e5 2. Nf3 Nc6 3. Bc4 Bc5 4. c3 Nf6 5. d3 d6 6. Bb3 a5 7. a4 Ba7 8. Na3
Ne7 9. Nc4 c6 10. Be3 Ng6 11. Qc2 b5 12. axb5 cxb5 13. Bxa7 Rxa7 14. Ne3 O-O
15. O-O Re8 16. c4 a4 17. Qd2 Qb6 18. Bc2 Bd7 19. cxb5 Qxb5 20. Nc4 Qb8 21.
Rfb1 d5 22. Ne3 dxe4 23. dxe4 Bc6 24. Nd5 Bxd5 25. exd5 Rd8 26. Rxa4 Rxa4 27.
Bxa4 Rxd5 28. Qe1 e4 29. Bc6 Rd6 30. Bxe4 Re6 31. Ng5 Re5 32. f4 Nxf4 0-1

[Event "March Lviv Tradition (IM-group)"]
[Site "Lviv"]
[Date "2015.03.27"]
[Round "6.4"]
[White "Anwesh, Upadhyaya"]
[Black "Ivanenko, Olga I"]
[Result "1-0"]
[WhiteElo "2366"]
[BlackElo "2146"]
[PlyCount "121"]
[EventDate "2015.03.24"]

1. e4 c5 2. Nf3 d6 3. d4 cxd4 4. Nxd4 Nf6 5. Nc3 a6 6. Be3 Ng4 7. Bg5 h6 8. Bh4
g5 9. Bg3 Bg7 10. h3 Ne5 11. Nf5 Bxf5 12. exf5 Nbd7 13. Be2 Rc8 14. O-O Nb6 15.
Ne4 d5 16. f6 exf6 17. Nd2 O-O 18. b3 f5 19. Bxe5 Bxe5 20. Rb1 Qf6 21. Bd3 Bf4
22. Re1 Nd7 23. Nf1 Nc5 24. g3 Nxd3 25. Qxd3 d4 26. gxf4 gxf4 27. Qf3 Qh4 28.
Rbd1 Kh7 29. Rxd4 Qg5+ 30. Qg2 Qh4 31. Qh2 Rg8+ 32. Kh1 Rxc2 33. Rxf4 Qg5 34.
Ne3 Rxa2 35. Rg1 Qd8 36. Rxg8 Qxg8 37. Qg2 Qb8 38. Qg3 Qe5 39. Rxf5 Qxg3 40.
fxg3 Kg6 41. Rf3 b5 42. Ng4 Kg7 43. Ne5 f6 44. Ng4 a5 45. Nxf6 Ra3 46. Ne8+ Kg6
47. Nd6 b4 48. Kg2 a4 49. bxa4 Ra2+ 50. Kf1 Rxa4 51. Nc4 Ra1+ 52. Ke2 Ra2+ 53.
Nd2 Ra1 54. Rb3 Rh1 55. h4 Rh2+ 56. Ke3 Rg2 57. Nf1 Kf5 58. Rxb4 Ra2 59. Kf3
Ra3+ 60. Ne3+ Kg6 61. g4 1-0

[Event "March Lviv Tradition (IM-group)"]
[Site "Lviv"]
[Date "2015.03.27"]
[Round "6.5"]
[White "Osmak, Iulija"]
[Black "Shkuran, Daniil"]
[Result "0-1"]
[WhiteElo "2405"]
[BlackElo "2386"]
[PlyCount "54"]
[EventDate "2015.03.24"]

1. e4 c6 2. d4 d5 3. e5 Bf5 4. Nf3 e6 5. Be2 h6 6. O-O Ne7 7. c3 Nd7 8. a4 Bh7
9. Na3 Nf5 10. Bd3 Bxa3 11. Rxa3 O-O 12. g3 Bg6 13. Kg2 f6 14. Qc2 Bh5 15. exf6
Qxf6 16. Bxf5 exf5 17. Ng1 Rae8 18. Ra1 g5 19. f3 f4 20. g4 Bg6 21. Qd1 h5 22.
h3 hxg4 23. hxg4 Qh8 24. Ne2 Qh4 25. Rh1 Rxe2+ 26. Qxe2 Qg3+ 27. Kf1 Re8 0-1

[Event "March Lviv Tradition (IM-group)"]
[Site "Lviv"]
[Date "2015.03.27"]
[Round "7.1"]
[White "Shkuran, Daniil"]
[Black "Doluhanova, Evgeniya"]
[Result "1-0"]
[WhiteElo "2386"]
[BlackElo "2292"]
[PlyCount "67"]
[EventDate "2015.03.24"]

1. e4 c5 2. Nf3 d6 3. d4 cxd4 4. Nxd4 Nf6 5. Nc3 a6 6. g3 e5 7. Nde2 Be6 8. Bg2
Nbd7 9. a4 h5 10. h3 Rc8 11. Be3 Nb6 12. b3 d5 13. Bxb6 Qxb6 14. exd5 Bb4 15.
dxe6 Bxc3+ 16. Nxc3 Rxc3 17. Qd2 Qc5 18. Rd1 O-O 19. Qd6 Re3+ 20. Kf1 Qxd6 21.
Rxd6 fxe6 22. Bxb7 Rc3 23. Rd2 h4 24. gxh4 Nh5 25. Ke1 a5 26. Kd1 Nf4 27. Be4
Nxh3 28. f3 Nf4 29. h5 Nd5 30. Rg1 Ne3+ 31. Kc1 Nf5 32. Rg6 Rfc8 33. Kb2 Nd4
34. Rdg2 1-0

[Event "March Lviv Tradition (IM-group)"]
[Site "Lviv"]
[Date "2015.03.27"]
[Round "7.2"]
[White "Ivanenko, Olga I"]
[Black "Osmak, Iulija"]
[Result "1-0"]
[WhiteElo "2146"]
[BlackElo "2405"]
[PlyCount "127"]
[EventDate "2015.03.24"]

1. e4 e6 2. d4 d5 3. Nd2 Nd7 4. Ngf3 Ne7 5. c3 g6 6. Bd3 Bg7 7. e5 c5 8. h4 h6
9. O-O Nc6 10. Re1 Qb6 11. dxc5 Qc7 12. Nb3 Ndxe5 13. Nxe5 Bxe5 14. Qf3 Bd7 15.
Bb5 a6 16. Bxc6 bxc6 17. Nd4 Kf8 18. g3 Kg7 19. Qe2 Bf6 20. Bf4 Qd8 21. Be5 Re8
22. f4 Kh7 23. Nf3 a5 $11 24. Qd3 h5 25. Ng5+ Kg7 26. Kg2 Bc8 27. Re3 Ba6 28.
Qd4 Rb8 29. b3 Rb7 30. Rae1 Ra7 31. Qd1 Bxe5 32. fxe5 a4 33. Rf3 axb3 34. axb3
Bb5 35. Rf2 Kg8 36. Re3 Ree7 37. Ref3 Qb8 38. Qd4 Ba6 39. b4 Bc4 40. Rf6 Qe8
41. g4 hxg4 42. Kg3 Ra1 43. Kxg4 Rg1+ 44. Kh3 Rxg5 45. hxg5 Qf8 46. Qh4 Bd3 47.
Kg3 Ra7 48. Rxe6 Ra1 49. Ref6 Be4 50. Rh2 Qg7 51. b5 Rc1 52. b6 Rxc3+ 53. Kf2
Rxc5 54. b7 Rb5 55. Rxc6 Rb2+ 56. Ke1 Rb1+ 57. Kd2 Rb2+ 58. Kd1 Rb1+ 59. Rc1
Bf3+ 60. Kd2 Rb2+ 61. Rc2 Rxc2+ 62. Kxc2 Be4+ 63. Kd2 Qxe5 64. b8=Q+ 1-0

[Event "March Lviv Tradition (IM-group)"]
[Site "Lviv"]
[Date "2015.03.27"]
[Round "7.3"]
[White "Sabuk, Piotr"]
[Black "Anwesh, Upadhyaya"]
[Result "1/2-1/2"]
[WhiteElo "2312"]
[BlackElo "2366"]
[PlyCount "120"]
[EventDate "2015.03.24"]

1. d4 d5 2. c4 c6 3. Nf3 Nf6 4. Nc3 e6 5. Bg5 h6 6. Bxf6 Qxf6 7. e3 Nd7 8. Bd3
g6 9. e4 dxc4 10. e5 Qe7 11. Bxc4 Bg7 12. O-O O-O 13. Qe2 b5 14. Bb3 b4 15. Na4
c5 16. d5 exd5 17. Bxd5 Rb8 18. Rfe1 Nb6 19. Nxb6 axb6 20. Rad1 Bf5 21. Nd2 b5
22. f4 c4 23. Ne4 Rb6 24. Nd6 Bd3 25. Qd2 Rxd6 26. exd6 Qxd6 27. Be4 Qd4+ 28.
Kh1 Qxb2 29. Qxb2 Bxb2 30. Bxd3 cxd3 31. Rxd3 Ra8 32. g4 Rxa2 33. Rd5 Bc3 34.
Re8+ Kg7 35. Rxb5 Rf2 36. Re4 Bd2 37. Kg1 Rxf4 $11 38. Rxf4 Bxf4 39. Rxb4 g5
40. Kg2 f6 41. h3 h5 42. Kf3 hxg4+ 43. hxg4 Kg6 44. Ke4 Be5 45. Rb5 Bc3 46. Rf5
Bb2 47. Kd5 Bc3 48. Ke6 Bb2 49. Rc5 Bd4 50. Rc8 Kg7 51. Ra8 Bc3 52. Ke7 Bb4+
53. Ke6 Bc3 54. Ra7+ Kg6 55. Rb7 Bd4 56. Rb8 Kg7 57. Kf5 Be5 58. Rb7+ Kh6 59.
Rd7 Bc3 60. Rd8 Kg7 1/2-1/2

[Event "March Lviv Tradition (IM-group)"]
[Site "Lviv"]
[Date "2015.03.27"]
[Round "7.4"]
[White "Sevostianov, Pavel"]
[Black "Bunyatov, Rustam"]
[Result "1/2-1/2"]
[WhiteElo "2268"]
[BlackElo "2078"]
[PlyCount "48"]
[EventDate "2015.03.24"]

1. e4 d5 2. Nc3 dxe4 3. Nxe4 Nf6 4. Nxf6+ exf6 5. d4 Bd6 6. Nf3 O-O 7. Be2 Nd7
8. O-O Re8 9. c3 Nf8 10. h3 Ng6 11. Bd3 b6 12. Be3 Bb7 13. Re1 c5 14. dxc5 Bxc5
15. Nd4 Ne5 16. Bf1 Qc7 17. Qa4 a6 18. Rad1 b5 19. Qc2 Rad8 20. Nb3 Bf8 21. Bd4
Nc4 22. Rxe8 Rxe8 23. Nd2 Ne5 24. a4 b4 $11 1/2-1/2

[Event "March Lviv Tradition (IM-group)"]
[Site "Lviv"]
[Date "2015.03.27"]
[Round "7.5"]
[White "Buksa, Nataliya"]
[Black "Terletsky, Oleg"]
[Result "1/2-1/2"]
[WhiteElo "2160"]
[BlackElo "2257"]
[PlyCount "47"]
[EventDate "2015.03.24"]

1. e4 e6 2. d4 d5 3. Nc3 Nf6 4. e5 Nfd7 5. f4 c5 6. Nf3 Nc6 7. Be3 a6 8. Qd2 b5
9. dxc5 Bxc5 10. Nd4 Nxd4 11. Bxd4 Qb6 12. O-O-O O-O 13. Kb1 Bb7 14. h4 Bxd4
15. Qxd4 Qxd4 16. Rxd4 f6 17. exf6 gxf6 18. a4 bxa4 19. Rxa4 e5 20. Bd3 a5 21.
fxe5 fxe5 22. Rg4+ Kh8 23. Bb5 Nf6 24. Rg5 $11 1/2-1/2

[Event "March Lviv Tradition (IM-group)"]
[Site "Lviv"]
[Date "2015.03.28"]
[Round "8.1"]
[White "Doluhanova, Evgeniya"]
[Black "Terletsky, Oleg"]
[Result "1/2-1/2"]
[WhiteElo "2292"]
[BlackElo "2257"]
[PlyCount "116"]
[EventDate "2015.03.24"]

1. e4 e6 2. d4 d5 3. Nc3 Nf6 4. Bg5 Be7 5. e5 Nfd7 6. Bxe7 Qxe7 7. f4 a6 8. Nf3
c5 9. dxc5 Nxc5 10. Bd3 Nc6 11. O-O b5 12. a3 Qa7 13. Kh1 Bd7 14. Ne2 h6 15. c3
Ne4 16. Nfd4 Nxd4 17. Nxd4 O-O 18. Bxe4 dxe4 19. Qc2 Qb7 20. Rae1 Bc6 21. Nxc6
Qxc6 22. Qxe4 Qxe4 23. Rxe4 Rfd8 24. Rfe1 Rd2 25. R4e2 Rad8 26. Kg1 g5 27. Kf2
gxf4 28. Kf3 a5 29. Rxd2 Rxd2 30. Re2 Rd1 31. Kxf4 Kg7 32. Ke3 Rd5 33. Ke4 f6
34. exf6+ Kxf6 35. Rf2+ Ke7 36. g4 Rd1 37. h4 Rh1 38. h5 Rg1 39. Kf3 Kf6 40.
Rc2 Rf1+ 41. Kg2 Rf4 42. Kh3 e5 43. Rd2 e4 44. Rd8 Ke5 45. Re8+ Kd5 46. Kg3
Rf3+ 47. Kg2 Rf6 48. b3 a4 49. bxa4 bxa4 50. Rd8+ Kc4 51. Rd4+ Kb3 52. Rxe4
Kxa3 53. Kg3 Rc6 54. g5 Rxc3+ 55. Kg4 hxg5 56. h6 Rc8 57. Kxg5 Kb3 58. Re3+ Kb2
1/2-1/2

[Event "March Lviv Tradition (IM-group)"]
[Site "Lviv"]
[Date "2015.03.28"]
[Round "8.2"]
[White "Bunyatov, Rustam"]
[Black "Buksa, Nataliya"]
[Result "0-1"]
[WhiteElo "2078"]
[BlackElo "2160"]
[PlyCount "96"]
[EventDate "2015.03.24"]

1. c4 Nf6 2. g3 g6 3. Bg2 c6 4. Nc3 d5 5. cxd5 cxd5 6. d4 Bg7 7. e3 O-O 8. Nge2
Nc6 9. O-O b6 10. b3 Ba6 11. Ba3 Qd7 12. Qd2 Rfc8 13. Rfc1 Rc7 14. Nf4 e6 15.
f3 Rac8 16. Na4 Ne8 17. Rab1 Nd6 18. Nd3 Bb5 19. Nab2 Nf5 20. Kh1 h5 21. Nd1
Bh6 22. f4 Ba6 23. N1f2 Bg7 24. Bf1 Qd8 25. Kg2 Bf8 26. Bxf8 Qxf8 27. h3 Na5
28. Rxc7 Rxc7 29. Rc1 Qc8 30. Rxc7 Qxc7 31. Be2 Nb7 32. Bf3 Nbd6 33. Nb4 Bb7
34. Nd1 a5 35. Nc2 Ba6 36. Ne1 Qc6 37. a4 Kg7 38. Kf2 h4 39. gxh4 Nxh4 40. Qc2
Qxc2+ 41. Nxc2 Nxf3 42. Kxf3 Ne4 43. Kg2 Bd3 44. Na1 Kh6 45. Nb2 Bb1 46. Kf1
Kh5 47. Ke2 Kh4 48. Nd3 Bxd3+ 0-1

[Event "March Lviv Tradition (IM-group)"]
[Site "Lviv"]
[Date "2015.03.28"]
[Round "8.3"]
[White "Anwesh, Upadhyaya"]
[Black "Sevostianov, Pavel"]
[Result "1-0"]
[WhiteElo "2366"]
[BlackElo "2268"]
[PlyCount "123"]
[EventDate "2015.03.24"]

1. c4 c5 2. g3 g6 3. Bg2 Bg7 4. Nc3 Nc6 5. Nf3 d6 6. O-O Bf5 7. d3 Qd7 8. Re1
Nf6 9. a3 Bh3 10. Bh1 h6 11. Rb1 Ng4 12. Nd5 g5 13. b4 O-O 14. bxc5 dxc5 15.
Qa4 Rac8 16. Bd2 Rfd8 17. Qb5 b6 18. a4 e6 19. Nc3 Qe7 $11 20. Nd1 Nd4 21. Nxd4
Bxd4 22. a5 Qf6 23. Be3 Rb8 24. Bxd4 cxd4 25. c5 bxc5 26. Qxb8 Rxb8 27. Rxb8+
Kg7 28. Rc8 Qe5 29. Bg2 Bxg2 30. Kxg2 Qd5+ 31. Kg1 Qa2 32. f3 Qxa5 33. Kf1 Ne5
34. Nf2 c4 35. dxc4 Qa6 36. Rd8 Qxc4 37. Rd1 Nxf3 38. Rd3 Ne5 39. R8xd4 Qc6 40.
Rb3 a5 41. Rb1 Nc4 42. Kg1 e5 43. Rd3 Nd6 44. Ra1 e4 45. Rda3 Nc4 46. Rc3 Qc5
47. Rd1 Qb5 48. Rd4 Nb6 49. Rxe4 a4 50. Nd3 Nd5 51. Ra3 Qb1+ 52. Kg2 Qb7 53.
Kg1 Nc3 54. Re5 Qb6+ 55. Kf1 Qc6 56. Kg1 Qb6+ 57. Kg2 Qd4 58. Ra5 Qe4+ 59. Kg1
Qe3+ 60. Kg2 Qe4+ 61. Kg1 Qb4 62. Nxb4 1-0

[Event "March Lviv Tradition (IM-group)"]
[Site "Lviv"]
[Date "2015.03.28"]
[Round "8.4"]
[White "Osmak, Iulija"]
[Black "Sabuk, Piotr"]
[Result "0-1"]
[WhiteElo "2405"]
[BlackElo "2312"]
[PlyCount "88"]
[EventDate "2015.03.24"]

1. e4 e5 2. Nf3 Nc6 3. Bb5 a6 4. Ba4 Nf6 5. O-O Be7 6. d3 b5 7. Bb3 d6 8. a3
O-O 9. Nc3 Be6 10. Nd5 h6 11. c3 Re8 12. Be3 Bf8 13. a4 Bxd5 14. exd5 Ne7 15.
axb5 axb5 16. c4 Qb8 17. Nd2 Rxa1 18. Qxa1 Qb7 19. Qa5 bxc4 20. dxc4 Ra8 21.
Qc3 g6 22. Bc2 Bg7 23. Nb3 c5 24. dxc6 Qxc6 25. Na5 Qc7 26. Bd2 d5 27. b4 d4
28. Qf3 Rd8 29. Bd3 Nd7 30. g4 Rf8 31. c5 f5 32. gxf5 gxf5 33. Bc4+ Kh7 34. Qb7
Qxb7 35. Nxb7 e4 36. Bf4 Be5 37. Bd2 d3 38. Be6 Nf6 39. b5 Ng4 40. h3 Nh2 41.
f4 Nxf1 42. Kxf1 Bd4 43. c6 Rf6 44. Bc4 Rg6 0-1

[Event "March Lviv Tradition (IM-group)"]
[Site "Lviv"]
[Date "2015.03.28"]
[Round "8.5"]
[White "Shkuran, Daniil"]
[Black "Ivanenko, Olga I"]
[Result "1-0"]
[WhiteElo "2386"]
[BlackElo "2146"]
[PlyCount "79"]
[EventDate "2015.03.24"]

1. e4 c5 2. Nf3 e6 3. d4 cxd4 4. Nxd4 a6 5. Nc3 Qc7 6. g3 Nc6 7. Bg2 h5 8. f4
b5 9. Nb3 Bb7 10. Be3 Na5 11. Nxa5 Qxa5 12. a3 Nf6 13. O-O Qc7 14. h3 b4 15.
axb4 Bxb4 16. Qd3 Bxc3 17. bxc3 d5 18. e5 Ne4 19. Bd4 g6 20. c4 Rc8 21. Rfb1
O-O 22. cxd5 exd5 23. f5 gxf5 24. Qe3 Qe7 25. Bxe4 dxe4 26. Rxb7 Qxb7 27. Qg5+
Kh7 28. Qxh5+ Kg8 29. Qg5+ Kh7 30. Qxf5+ Kg8 $11 31. Qg5+ Kh7 32. e6 f6 33.
Bxf6 Rxf6 34. Qxf6 Rxc2 35. e7 Qa7+ 36. Kh1 Qb7 37. Qf7+ Kh6 38. e8=Q Rh2+ 39.
Kxh2 Qb2+ 40. Kg1 1-0

[Event "March Lviv Tradition (IM-group)"]
[Site "Lviv"]
[Date "2015.03.29"]
[Round "9.1"]
[White "Ivanenko, Olga I"]
[Black "Doluhanova, Evgeniya"]
[Result "1-0"]
[WhiteElo "2146"]
[BlackElo "2292"]
[PlyCount "103"]
[EventDate "2015.03.24"]

1. d4 Nf6 2. Nf3 e6 3. Bf4 Be7 4. e3 b6 5. Nbd2 Bb7 6. Bd3 O-O 7. c3 d6 8. Qe2
c5 9. h3 Nc6 10. a3 Qd7 11. Bh2 Rad8 12. e4 g6 $11 13. O-O cxd4 14. cxd4 d5 15.
e5 Nh5 16. g4 Ng7 17. Qe3 f5 18. exf6 Bxf6 19. Ne5 Nxe5 20. Bxe5 Bxe5 21. Qxe5
Qd6 22. f4 Qxe5 23. fxe5 Rxf1+ 24. Rxf1 Rf8 25. Rxf8+ Kxf8 26. Nf3 Bc6 27. b3
Bd7 28. Kf2 Ne8 29. Ng5 Kg7 30. h4 Nc7 31. a4 Be8 32. Ke3 a5 33. Kd2 h6 34. Nh3
b5 35. axb5 Nxb5 36. Bxb5 Bxb5 37. g5 hxg5 38. hxg5 Kf7 39. Nf4 Be8 40. Kc3 Ke7
41. b4 axb4+ 42. Kxb4 Kd7 43. Kc5 Ke7 44. Kb6 Kf7 45. Kc7 Ke7 46. Nd3 Ba4 47.
Nb4 Bb5 48. Nc6+ Kf8 49. Kd6 Ke8 50. Na7 Bd7 51. Nc6 Bc8 52. Ne7 1-0

[Event "March Lviv Tradition (IM-group)"]
[Site "Lviv"]
[Date "2015.03.29"]
[Round "9.2"]
[White "Sabuk, Piotr"]
[Black "Shkuran, Daniil"]
[Result "1/2-1/2"]
[WhiteElo "2312"]
[BlackElo "2386"]
[PlyCount "45"]
[EventDate "2015.03.24"]

1. d4 d5 2. c4 c6 3. Nf3 Nf6 4. Nc3 e6 5. Bg5 h6 6. Bxf6 Qxf6 7. e3 Nd7 8. Bd3
Bb4 9. O-O O-O 10. e4 Bxc3 11. bxc3 dxe4 12. Bxe4 e5 13. Rb1 exd4 14. cxd4 Rd8
15. Re1 Nc5 16. Bc2 Bg4 17. Qc1 Bxf3 18. dxc5 Bg4 19. Rxb7 Be6 20. Be4 Rd4 21.
Bxc6 Rxc4 22. Qe3 Rc3 23. Qe2 $11 1/2-1/2

[Event "March Lviv Tradition (IM-group)"]
[Site "Lviv"]
[Date "2015.03.29"]
[Round "9.3"]
[White "Sevostianov, Pavel"]
[Black "Osmak, Iulija"]
[Result "1-0"]
[WhiteElo "2268"]
[BlackElo "2405"]
[PlyCount "67"]
[EventDate "2015.03.24"]

1. e4 c5 2. Nf3 e6 3. g3 a6 4. Bg2 d6 5. O-O Nf6 6. e5 dxe5 7. Nxe5 Qc7 8. Nc4
Be7 9. Nc3 Bd7 10. d3 Bc6 11. Bf4 Qd8 12. Ne4 O-O 13. a4 Nd5 14. Bd2 Nd7 15.
Na5 Qc7 $11 16. Nxc6 bxc6 17. Bc1 Rfe8 18. Re1 Rad8 19. Qe2 N7f6 20. Nd2 Nd7
21. Nc4 Bf6 22. Bd2 Nb4 23. Bf4 Qa7 24. Rab1 Nb6 25. a5 N6d5 26. Bc1 Nc7 27.
Be4 Nb5 28. c3 Bxc3 29. bxc3 Nxc3 30. Qh5 g6 31. Qe5 Nxe4 32. dxe4 Nd3 33. Qf6
Nxe1 34. Bh6 1-0

[Event "March Lviv Tradition (IM-group)"]
[Site "Lviv"]
[Date "2015.03.29"]
[Round "9.4"]
[White "Buksa, Nataliya"]
[Black "Anwesh, Upadhyaya"]
[Result "1/2-1/2"]
[WhiteElo "2160"]
[BlackElo "2366"]
[PlyCount "60"]
[EventDate "2015.03.24"]

1. e4 c6 2. d4 g6 3. c4 Bg7 4. Nc3 d6 5. Be3 a6 6. Qd2 b5 7. Bd3 Nf6 8. cxb5
axb5 9. f3 Nbd7 10. Nge2 Qa5 11. O-O b4 12. Nd1 c5 13. Nf2 O-O 14. Rfc1 Bb7 15.
dxc5 Nxc5 16. Bc4 Nfd7 17. Ng4 Nb6 18. Nh6+ Bxh6 19. Bxh6 Nxc4 20. Rxc4 Nb3 21.
axb3 Qxa1+ 22. Kf2 Rfc8 23. Rxb4 $11 Bc6 24. Nd4 Qa7 25. Be3 Qd7 26. Nxc6 Rxc6
27. Bd4 Qc8 28. Bc3 Rb8 29. Rxb8 Qxb8 30. b4 Qb6+ $11 1/2-1/2

[Event "March Lviv Tradition (IM-group)"]
[Site "Lviv"]
[Date "2015.03.29"]
[Round "9.5"]
[White "Terletsky, Oleg"]
[Black "Bunyatov, Rustam"]
[Result "1-0"]
[WhiteElo "2257"]
[BlackElo "2078"]
[PlyCount "79"]
[EventDate "2015.03.24"]

1. e4 Nf6 2. Nc3 d5 3. e5 Ne4 4. Nce2 d4 5. c3 Nc6 6. f4 Nc5 7. Ng3 dxc3 8.
bxc3 Nd3+ 9. Bxd3 Qxd3 10. Qe2 Qxe2+ 11. N1xe2 g5 12. d4 gxf4 13. Nxf4 e6 14.
Nfh5 Be7 15. Ne4 b5 16. Nhf6+ Kd8 17. O-O b4 18. Ng5 Bxf6 19. Rxf6 Rg8 20.
Nxf7+ Ke8 21. Nh6 Rg6 22. Bd2 bxc3 23. Bxc3 Ne7 24. Raf1 Bb7 25. Rxg6 hxg6 26.
Ng4 Nd5 27. Nf6+ Ke7 28. Bd2 Nxf6 29. Bb4+ Ke8 30. Rxf6 Kd7 31. Rxg6 Bd5 32. a3
a5 33. Bc5 Rh8 34. g3 Kc6 35. h4 Kb5 36. Kf2 Kc4 37. Ke3 Rh7 38. Kf4 Rh5 39.
Rf6 Kd3 40. Kg4 1-0